| 000 | 00643nam a2200205 i 4500 | ||
|---|---|---|---|
| 001 | 70294 | ||
| 003 | ES-MaACL | ||
| 005 | 20230906170758.0 | ||
| 007 | t| | ||
| 008 | 040721s1940 sp ||||1| spa d | ||
| 100 | 1 |
_aGarcía Rodríguez, Gonzalo. _955198 |
|
| 245 | 1 | 3 |
_aLa constitución individual normal / _cGonzalo Gª Rodríguez. |
| 250 | _a[1ª ed.]. | ||
| 260 |
_aBarcelona : _bSalvat, _c1940 ( _fImp. Hispano-Americana) |
||
| 300 |
_a131 p., 4 lám. : _bil. ; _c23 cm. |
||
| 490 | 1 | _aManuales de medicina práctica | |
| 830 | 0 |
_aManuales de medicina práctica _9181070 |
|
| 852 |
_aES-MaACL _jE-1115 _bR.21972 |
||
| 999 |
_c70294 _d70294 |
||